000 00537nam a22001697a 4500
005 20250228130135.0
010 _aENG-142924
020 _a9788184620924
_c1200.00
035 _aEN-126456
037 _bDBAD
082 _a954.7923
_21
100 _aDesjonqueres, Veronique
_978828
245 _aBeautiful Because of Your Heart:
_cBy Veronique Desjonqueres
_bRencontres Avec Bombay 2010-2013/
260 _bVakils Feffer & Simons Pvt. Ltd
300 _a322p.
_c21cm.(pb)
_bCol.ill.
942 _2ddc
_cEN
_h954.7923
_mDES
999 _c207530
_d207530